Statistiche per Anagrammi dei Calciatori - Quiz n°47

Clicka qui per fare il quiz!

Statistiche generali

  • Questo quiz è stato fatto 3 volte
  • Il punteggio medio è 3 su 10

Statistiche sulle risposte

AnagrammaCalciatore% Corretto
agvrsaVargas
100%
lammersLammers
50%
urimaMauri
50%
lazonNzola
50%
ilkieińzsZieliński
50%
robeanBarone
0%
selmamrCaldara
0%
reimdlaDemiral
0%
oinvivćaIvanović
0%
elmraLemar
0%

Distribuzione punteggi

Percentile per numero di risposta

Percentuale di utenti per punteggio

I tuoi punteggi nel tempo

Non hai fatto questo quiz